Statistics for England National Rugby Team

Click here to take the quiz!

General Stats

  • This quiz has been taken 114 times
    (27 since last reset)
  • The average score is 9 of 28

Answer Stats

CapsTriesPointsPlayer% Correct
9171179Jonny Wilkinson
83%
112101237Owen Farrell
78%
112420Dan Cole
65%
1011584Danny Care
65%
5128140Jason Robinson
61%
12720100Ben Youngs
52%
8536180Jonny May
52%
9300Joe Marler
48%
9610413George Ford
43%
5623115Anthony Watson
39%
105210Courtney Lawes
35%
5731155Ben Cohen
30%
4420100Chris Ashton
30%
6530143Jeremy Guscott
26%
5531155Will Greenwood
26%
97420Dylan Hartley
22%
11415Jason Leonard
22%
5520100Mark Cueto
22%
8550210Rory Underwood
22%
604301Toby Flood
22%
5522110Josh Lewsey
17%
388269Charlie Hodgson
13%
322400Paul Grayson
13%
3824120Dan Luger
9%
252240Dusty Hare
9%
334296Jonathan Webb
9%
712396Rob Andrew
9%
5720100Manu Tuilagi
4%

Score Distribution

Percentile by Number Answered

Percent of People with Each Score

Your Score History

You have not taken this quiz since the last reset